书目信息 |
| 题名: |
艾思奇哲学文选
|
|
| 作者: | 艾思奇 著 | |
| 分册: | 第五卷 | |
| 出版信息: | 北京 经济科学出版社 2016.06 |
|
| 页数: | 286页 | |
| 开本: | 23cm | |
| 丛书名: | ||
| 单 册: | ||
| 中图分类: | B0-53 , A841.63-53 | |
| 科图分类: | ||
| 主题词: | 哲学--文集 , 毛泽东思想--哲学思想--文集 | |
| 电子资源: | ||
| ISBN: | 978-7-5141-7059-7 | |
| 000 | 01080nam0 2200301 450 | |
| 001 | 0120161969094 | |
| 005 | 20170908104414.10 | |
| 010 | @a978-7-5141-7059-7@dCNY56.00 | |
| 100 | @a20160804d2016 em y0chiy50 ea | |
| 101 | 0 | @achi |
| 102 | @aCN@b110000 | |
| 105 | @ay z 000cy | |
| 106 | @ar | |
| 200 | 1 | @a艾思奇哲学文选@9ai si qi zhe xue wen xuan@h第五卷 |
| 210 | @a北京@c经济科学出版社@d2016.06 | |
| 215 | @a286页@d23cm | |
| 312 | @a封面英文题名:Aisiqi philosophy anthology (5) | |
| 314 | @a封面题:艾思奇著 | |
| 330 | @a艾思奇哲学文选(第五卷):关于毛泽东哲学思想。一、谈谈毛泽东对马克思主义哲学的主要发展,二、《实践论》、《矛盾论》在党的历史发展中的作用与意义,三、《实践论》与关于哲学史的研究,四、从《矛盾论》看辩证法的理解和运用等。 | |
| 333 | @a哲学研究人员 | |
| 510 | 1 | @aAisiqi philosophy anthology@h5@zeng |
| 606 | 0 | @a哲学@j文集 |
| 606 | 0 | @a毛泽东思想@x哲学思想@j文集 |
| 690 | @aB0-53@v5 | |
| 690 | @aA841.63-53@v5 | |
| 701 | 0 | @a艾思奇@9ai si qi@f(1910-1966)@4著 |
| 801 | 0 | @aCN@b人天书店@c20160804 |
| 905 | @b995610-15@dB0-53@e283:5@f6 | |
| 艾思奇哲学文选.第五卷.-北京:经济科学出版社,2016.06 |
| 286页;23cm |
| 使用对象:哲学研究人员 |
| ISBN 978-7-5141-7059-7:CNY56.00 |
| 艾思奇哲学文选(第五卷):关于毛泽东哲学思想。一、谈谈毛泽东对马克思主义哲学的主要发展,二、《实践论》、《矛盾论》在党的历史发展中的作用与意义,三、《实践论》与关于哲学史的研究,四、从《矛盾论》看辩证法的理解和运用等。 |
| ● |
| 相关链接 |
|
|
|
|
正题名:艾思奇哲学文选
索取号:B0-53/283:5
 
预约/预借
| 序号 | 登录号 | 条形码 | 馆藏地/架位号 | 状态 | 备注 |
| 1 | 995610 | 209956109 | 第一样本阅览室/ [索取号:B0-53/283:5] | 在馆 | |
| 2 | 995611 | 209956118 | 密集书库-史法系/ [索取号:B0-53/283:5] | 在馆 | |
| 3 | 995612 | 209956127 | 第一借阅区/ [索取号:B0-53/283:5] | 在馆 | |
| 4 | 995613 | 209956136 | 第一借阅区/ [索取号:B0-53/283:5] | 在馆 | |
| 5 | 995614 | 209956145 | 第一借阅区/ [索取号:B0-53/283:5] | 在馆 | |
| 6 | 995615 | 209956154 | 第一借阅区/ [索取号:B0-53/283:5] | 在馆 |